| 000 | 00000nam 2200000za 4500 |
| 001 | 9.846910 |
| 003 | CaOODSP |
| 005 | 20221107153321 |
| 007 | cr ||||||||||| |
| 008 | 171109s2017 oncbd |o f|0| 0 eng d |
| 040 | |aCaOODSP|beng |
| 043 | |an-cn--- |
| 086 | 1 |aXC64-1/1-421-14E-PDF |
| 110 | 1 |aCanada. |bParliament. |bHouse of Commons. |bStanding Committee on Citizenship and Immigration. |
| 245 | 10|aImmigration to Atlantic Canada |h[electronic resource] : |bmoving to the future / |cRobert Oliphant, chair. |
| 260 | |a[Ottawa] : |bHouse of Commons, |c2017. |
| 300 | |aix, 90 p. : |bcharts, map. |
| 490 | 1 |aReport of Standing Committee on Citizenship and Immigration ; |v14th report, 1st session, 42nd Parliament |
| 500 | |aIssued also in French under title: Immigration au Canada atlantique : en avant vers l’avenir. |
| 500 | |a"November 2017." |
| 500 | |aOriginal published on: 2017/11/09. Republished on: 2017/11/28, 2018/03/29, 2019/01/21, 2019/01/31. |
| 504 | |aIncludes bibliographic references. |
| 520 | |a"Canada’s four Atlantic Provinces have had to manage a number of challenges in recent decades, including lower natural population increases, lower immigration levels and higher interprovincial migration. According to the latest census data, about 20% of the population in Atlantic Canada is 65 and over, which has led to labour shortages both in the short-term and long-term. The population and labour needs vary from rural areas to the urban centres. In some cases, employers used the former Temporary Foreign Worker Program to fill labour demand"--Summary. |
| 692 | 07|2gccst|aImmigration |
| 692 | 07|2gccst|aAtlantic provinces |
| 692 | 07|2gccst|aRefugees |
| 700 | 1 |aOliphant, Robert. |
| 775 | 08|tImmigration au Canada atlantique |w(CaOODSP)9.846912 |
| 830 | #0|aReport of Standing Committee on Citizenship and Immigration ;|v14th report, 1st session, 42nd Parliament|w(CaOODSP)9.507115 |
| 856 | 40|qPDF|s5.17 MB|uhttps://publications.gc.ca/collections/collection_2017/parl/xc64-1/XC64-1-1-421-14-eng.pdf |